Statistiques concernant Culture Générale - Série 1250

Cliquez ici pour prendre le quiz!

Statistiques générales

  • Ce quiz a été pris 45 fois
  • Le résultat moyen est 5 sur 10

Statistiques - réponses

QuestionRéponse% Correct
Quelle fête catholique en l'honneur de tous les saints est célébrée le 1er novembre ?Toussaint
98%
En Belgique, quel apprêt de pomme de terre accompagne traditionnellement les moules ?frites
95%
En géométrie, quel segment de droite relie le centre d'un cercle à un point quelconque de sa circonférence ?rayon
75%
Quel est le prénom du célèbre couturier italien Armani ?Giorgio
64%
Quelles graines comestibles, riches en huile, sont indispensables à la confection des biscuits italiens appelés "amaretti" ?amandes
50%
En 1960, quelle région de France est citée dans la chanson de Marcel Amont “Bleu Blanc Blond” ?Provence
43%
Quel ministre de l'Intérieur a dit en 1954 : "L'Algérie, c'est la France" ?François Mitterrand
20%
Quelle locution conjonctive est la traduction de la locution latine “id est” ?c'est-à-dire
14%
Quel nom porte le stade de football sur lequel évoluent les joueurs du FC Sochaux ?stade Auguste Bonal
14%
Qui est l'auteur du roman fantastique “L'Ile du docteur Moreau” ?H.G. Wells
14%

Distribution des résultats

Percentile par nombre de réponses

% des personnes avec chaque résultat

Votre développement - résultats

Vous n’avez pas pris ce quiz